000 01239nam a22002895a 4500
005 20201128023659.0
008 160316s2009 enka frb 001 0 eng d
020 _a9780415772044
040 _aEG-ScBUE
_beng
_cEG-ScBUE
082 0 4 _a658.301
_bROU
_222
245 0 4 _aThe Routledge companion to strategic human resource management /
_cedited by John Storey, Patrick M. Wright, and Dave Ulrich.
260 _aOxon :
_bRoutledge / Taylor & Francis Group,
_c2009.
300 _axxii, 529 p. :
_bill. ;
_c25 cm.
490 0 _aRoutledge companions
500 _aIndex : p. 519-529.
504 _aIncludes bibliographical references.
520 _a'The Routledge Companion to Strategic Human Resource Management' is a prestige reference work offering a comprehensive and authoritative overview of the field. It surveys the state of the discipline and introduces and makes sense of new cutting edge themes.
650 7 _aPersonnel management.
_2BUEsh
_9994
650 7 _aStrategic planning.
_2BUEsh
_91643
651 _2BUEsh
653 _bBUSADM
_cMarch2016
655 _vReading book
_934232
700 1 _aStorey, John,
_eeditor.
700 1 _aWright, Patrick M.,
_eeditor.
_917592
700 1 _aUlrich, Dave,
_eeditor.
942 _2ddc
999 _c21436
_d21408